000 00603nam a22001337a 4500
040 _cRUA
082 _aAGR OUK 2010 B047 Or.1
100 _aOUK, AKHARA.
245 _aEffect of direct seeding mulch based cropping system on soil physical properties, ឥទ្ធិពលនៃប្រព័ន្ធដាំដុះដំណាំគំរបដីទៅលើលក្ខណះរូបសាស្រ្តដី
260 _aPhnom Penh
_bRUA
_c2010
300 _aix, 51p.
_bill.
_c29cm.
856 _uhttps://drive.google.com/file/d/1-f87kfnibvzM6_P1tL9TZu-gN6QCjO2B/view?usp=sharing
942 _cAGR
999 _c1294
_d1294